LEADER 02857nam 2200457z- 450 001 9910220038703321 005 20231214132854.0 035 $a(CKB)3800000000216390 035 $a(oapen)https://directory.doabooks.org/handle/20.500.12854/55990 035 $a(EXLCZ)993800000000216390 100 $a20202102d2017 |y 0 101 0 $aeng 135 $aurmn|---annan 181 $ctxt$2rdacontent 182 $cc$2rdamedia 183 $acr$2rdacarrier 200 00$aPerceptual linguistic salience $emodeling causes and consequences /$ftopic editors, Alice Blumenthal-Drame?, University of Freiburg, Germany, Adriana Hanuli?kova?, University of Freiburg, Germany, Bernd Kortmann, University of Freiburg, Germany 210 $cFrontiers Media SA$d2017 215 $a1 electronic resource (134 p.) 225 1 $aFrontiers Research Topics 311 $a2-88945-177-1 330 $aRecent years have seen an upsurge of interest in the notion of salience in linguistics and related disciplines. While in top-down salience, perceivers endogenously direct their attention to a certain stimulus, in the bottom-up salience, it is the stimulus itself which attracts attention. In prototypical cases of bottom-up salience, the stimulus stands out because it is incongruous with a given ground by virtue of intrinsic physical characteristics. But a stimulus may also cause surprise by virtue of deviating from a cognitive ground, e.g., when violating social or probabilistic expectations. This has prompted researchers to examine the relationship between expectations and the perceptual salience of linguistic stimuli in new ways. This e-book features contributions from different scientific frameworks. The reader will find commentaries, reviews, and original research articles on models of sociolinguistic and morphological salience, the role of attention, affect, and predictability, and on how salient items are processed, categorized and learned. Taken together, the articles in this volume contribute to our understanding of how the perceptual salience of linguistic forms and variants can be theoretically framed and methodologically operationalized in different areas of linguistic processing. 517 $aPerceptual Linguistic Salience 606 $aLinguistic analysis (Linguistics) 610 $asalience 610 $aLanguage variation and change 610 $alanguage learning 610 $asurprisal 610 $amorphology 610 $aprediction 610 $aDialects 610 $asocial markers 615 0$aLinguistic analysis (Linguistics) 676 $a401./9 702 $aBlumenthal-Drame?$b Alice 702 $aHanuli?kova?$b Adriana 702 $aKortmann$b Bernd$f1960- 906 $aBOOK 912 $a9910220038703321 996 $aPerceptual linguistic salience$93399055 997 $aUNINA LEADER 01992nam0 22004213i 450 001 LIA0046071 005 20251003044203.0 100 $a19890608d1968 ||||0itac50 ba 101 | $aita$cita 102 $ait 181 1$6z01$ai $bxxxe 182 1$6z01$an 183 1$6z01$anc$2RDAcarrier 200 1 $aˆLo ‰sviluppo italiano del Dopoguerra$fEnrico Caperdoni 210 $aPadova$cMarsilio$d1968 215 $a191 p.$d22 cm 225 | $aCollana di attualità politica$v8 410 0$1001RAV0140462$12001 $aCollana di attualità politica$v8 500 10$aˆLo ‰sviluppo italiano del dopoguerra$3UBO4477035$9MILV033905$92961437 606 $aITALIA$xEconomia$x1945-1959$2FIR$3NAPC066700$9I 676 $a330.945092$9SITUAZIONI E CONDIZIONI ECONOMICHE. ITALIA. 1946-$v21 676 $a338.945$9SVILUPPO ECONOMICO E POLITICHE DI SVILUPPO. Italia$v20 676 $a338.945$9SVILUPPO ECONOMICO. Italia$v21 676 $a338.945$9SVILUPPO E CRESCITA ECONOMICA. Italia$v23 676 $a338.945092$9$v20 696 $aEconomia reale$aAttività economiche$aAspetti economici 699 $aEconomia$yEconomia reale 699 $aEconomia$zAttività economiche 699 $aEconomia$zAspetti economici 700 1$aCaperdoni$b, Enrico$3MILV033905$4070$0128407 801 3$aIT$bIT-000000$c19890608 850 $aIT-BN0095 $aIT-AV0003 $aIT-AV0007 $aIT-NA0079 $aIT-NA0230 901 $bNAP 01$cPOZZO LIB.$nVi sono collocati fondi di economia, periodici di ingegneria e scienze, periodici di economia e statistica e altri fondi comprendenti documenti di economia pervenuti in dono. 912 $aLIA0046071 950 0$aBiblioteca Centralizzata di Ateneo$c1 v.$d 01POZZO LIB.F. SANTI 99$e 0101 0060029275E VMA 1 v. (Precedente collocazione S 170)$fB $h20221107$i20221107 977 $a 01$a AR$a AV$a BN$a IR 996 $aSviluppo italiano del dopoguerra$92961437 997 $aUNISANNIO